000 01045cam a22002894a 4500
999 _c26833
_d26833
001 12231309
005 20170206144720.0
008 001115s2001 ilua c b 001 0 eng
010 _a 00012480
020 _a1588100901
040 _aDLC
_cDLC
_dDLC
042 _apcc
_alcac
043 _aa-cc---
050 0 0 _aN7343.2
_bS55 2006
100 1 _aShuter, Jane.
245 1 0 _aAncient Chinese art /
_cJane Shuter.
260 _aChicago, Ill. :
_bHeinemann Library,
_c2006
300 _a32 p. :
_bcol. ill. ;
_c27 cm.
490 1 _aArt in history
504 _aIncludes bibliographical references and index.
650 0 _aArt, Chinese
_vJuvenile literature.
650 1 _aArt, Chinese.
830 0 _aArt in history (Chicago, Ill.)
942 _2lcc
_cBOOKS
_hN7343.2 .S55 2006